ՀՀ Գիտությունների ազգային ակադեմիայի հիմնարար գիտական գրադարան  =   Fundamental Scientific Library of NAS RA

Пьесы : (Record no. 512998)

MARC details
000 -LEADER
fixed length control field 00939nam a2200217 a 4500
001 - CONTROL NUMBER
control field 000752774
003 - CONTROL NUMBER IDENTIFIER
control field AM-YEHGA
005 - DATE AND TIME OF LATEST TRANSACTION
control field 20250617163815.0
008 - FIXED-LENGTH DATA ELEMENTS--GENERAL INFORMATION
fixed length control field 100724s1961 |||| |||||||||||||rus d
040 ## - CATALOGING SOURCE
Original cataloging agency AM-YeHGA
041 1# - LANGUAGE CODE
Language code of text/sound track or separate title rus
Language code of original eng
090 ## - LOCALLY ASSIGNED LC-TYPE CALL NUMBER (OCLC); LOCAL CALL NUMBER (RLIN)
-- 516513
100 1# - MAIN ENTRY--PERSONAL NAME
Personal name О'Кейси, Шон
245 10 - TITLE STATEMENT
Title Пьесы :
Remainder of title Пер. с англ. /
Statement of responsibility, etc. Шон О'Кейси ; Пер.с англ. Ю. Корнеева ; Сост. Н. Минц ; Вступ. ст. Н. Минц и Э. Глухаревой - Глумовой ; Примеч. Э. Глухаревой - Глумовой.
260 ## - PUBLICATION, DISTRIBUTION, ETC.
Place of publication, distribution, etc. Москва :
Name of publisher, distributor, etc. Искусство,
Date of publication, distribution, etc. 1961.
300 ## - PHYSICAL DESCRIPTION
Extent 606 с.
650 14 - SUBJECT ADDED ENTRY--TOPICAL TERM
Topical term or geographic name entry element Иностранная литература
700 1# - ADDED ENTRY--PERSONAL NAME
Personal name Корнеев, Ю.
Relator term пер.
Relationship trl
700 1# - ADDED ENTRY--PERSONAL NAME
Personal name Минц, Н.
Relator term сост.
Relationship com
Relator term вступ. ст.
Relationship aui
700 1# - ADDED ENTRY--PERSONAL NAME
Personal name Глухарева-Глумова, Э.
Relator term вступ. ст.
Relationship aui
Personal name примеч.
Relationship cmm
Holdings
Withdrawn status Lost status Source of classification or shelving scheme Damaged status Not for loan Collection Home library Current library Date acquired Total checkouts Full call number Barcode Date last seen Price effective from Koha item type Public note
    Universal Decimal Classification     General Fundamental Scientific Library Fundamental Scientific Library 14/07/2021   PII/56556 FL0653868 14/07/2021 14/07/2021 Գրքեր / Books 30 Days Loan


ՀՀ ԳԱԱ հիմնարար գիտական գրադարան
ՀՀ,Երևան 0019
Մարշալ Բաղրամյան 24/6
հեռախոս:(374-10) 52-47-50
Հետադարձ կապ

All site content, except where otherwise noted, is licensed under a
Creative Commons License